000 00479nam a2200097Ia 4500
008 170517s9999 xx 000 0 und d
245 4 _aThe Price of Life
300 _aDocumentary about the rationing of high cost cancer drugs by the National Institute for Health and Clinical Excellence. On a finite budget, the NHS cannot afford to offer every treatment on the market, so how is it decided which...
650 _xTechnology.
856 _uhttp://topdocumentaryfilms.com/price-life/
999 _c335117
_d335117